000 01119nam a2200325 i 4500
001 000031375
003 DO-SdBNP
005 20260525093013.0
007 ta
008 110411s1976 dr ab 000 0 spa d
020 _a8440013027
040 _aDO-SdBNP
_bspa
_cBNPHU
_erda
041 _aspa
082 4 _a724.1
_bS238g
_222
100 1 _aSanz Pastor, Consuelo,
_eautor
_4aut.
_946121
245 1 0 _aGuía del Museo de las Casas Reales /
_cConsuelo Sanz-Pastor.
260 _aSanto Domingo :
_c1976.
264 4 _aSanto Domingo :
_bMuseo de las Casas Reales,
_c©1976.
300 _a76 páginas :
_bilustraciones, mapa ;
_c22 cm.
336 _atexto
_btxt
_2rdacontent
337 _asin mediación
_bn
_2rdamedia
338 _avolumen
_bnc
_2rdacarrier
590 _aInventariado, 2018/LP
610 2 4 _aMuseo de las casas reales
_xDescripción
_946118
650 4 _aColecciones museográficas
_946119
650 4 _aMonumentos históricos
_zRepública Dominicana
_926163
651 4 _aSanto Domingo (República Dominicana{Rpara}
_xMuseos
_946120
910 _aValidado. Control de calidad MMOLINA
942 _2ddc
_cLBS1
999 _c30867
_d30867